ਓਕਤਾਵਿਓ ਪਾਜ਼ ਦੀਆਂ ਕਵਿਤਾਵਾਂ / (Record no. 88115)

MARC details
000 -LEADER
fixed length control field 01126nam a22002777a 4500
005 - DATE AND TIME OF LATEST TRANSACTION
control field 20180213124358.0
008 - FIXED-LENGTH DATA ELEMENTS--GENERAL INFORMATION
fixed length control field 090728t xxu||||| |||| 00| 0 pun d
010 ## - LCCN (DPL NO)
LC control number PUN- B-577951-954 B-669945
020 ## - INTERNATIONAL STANDARD BOOK NUMBER
Terms of availability 120.00
International Standard Book Number 9788126045921
035 ## - SYSTEM CONTROL NUMBER
System control number PN- B-577951-954
035 ## - SYSTEM CONTROL NUMBER
System control number B-669945
037 ## - SOURCE OF ACQUISITION
Source of stock number/acquisition DBAD / PUB
037 ## - SOURCE OF ACQUISITION
Source of stock number/acquisition Sahitya Akademi
037 ## - SOURCE OF ACQUISITION
Source of stock number/acquisition BPPD/Ven/KBD
040 ## - CATALOGING SOURCE
Original cataloging agency dpl
Language of cataloging pn
082 ## - DEWEY DECIMAL CLASSIFICATION NUMBER
Classification number 851
100 ## - MAIN ENTRY--PERSONAL NAME
Personal name ਪਾਜ਼,ਓਕਤਾਵਿਓ
245 ## - TITLE STATEMENT
Title ਓਕਤਾਵਿਓ ਪਾਜ਼ ਦੀਆਂ ਕਵਿਤਾਵਾਂ /
Statement of responsibility, etc ਓਕਤਾਵਿਓ ਪਾਜ਼
246 ## - VARYING FORM OF TITLE
Title proper/short title Octavio Paz ki Kavitayen
Remainder of title by Octavio Paz ,Punjabi tran;Paul kaur ed.&tran. Prayag shukla
260 ## - PUBLICATION, DISTRIBUTION, ETC. (IMPRINT)
Place of publication, distribution, etc New Delhi
Name of publisher, distributor, etc Sahitya Prakashan
Date of publication, distribution, etc 2014
270 ## - ADDRESS
City New Delhi
Address 35, ਫ਼ਿਰੋਜ਼ਸ਼ਾਹ ਮਾਰਗ ਨਈ ਦਿੱਲੀ
Postal code 110001
300 4# - PHYSICAL DESCRIPTION
Extent 156p.
Dimensions 22ਸੇਂਮੀ (ਸਜਿਲੱਦ)
942 ## - ADDED ENTRY ELEMENTS (KOHA)
Source of classification or shelving scheme Dewey Decimal Classification
Item type Punjabi Bks
Classification part 851
Call number suffix ਪਾਜ਼ਓ
Holdings
Withdrawn status Lost status Source of classification or shelving scheme Damaged status Not for loan Collection code Home library Current library Date acquired Source of acquisition Cost, normal purchase price Total Checkouts Full call number Date last seen Copy number Cost, replacement price Koha item type Barcode
    Dewey Decimal Classification     Non-fiction Ashok Vihar Ashok Vihar 09/06/2017 BPPD/PUN/AV/2016-17/1179/7-3-17 120.00   851 ਪਾਜ਼ਓ 09/06/2017 1 120.00 Punjabi Bks B-669945
    Dewey Decimal Classification     Non-fiction Central Library Central Library 10/09/2015 BPPD/165/27-8-15/BL26/13-9-15/8-10-15 120.00   851 ਪਾਜ਼ਓ 10/09/2015 1 120.00 Punjabi Bks B-577951
    Dewey Decimal Classification     Non-fiction D.B.Act.Division D.B.Act.Division 29/08/2014 DBAD / PUB 120.00   851 ਪਾਜ਼ਓ 29/08/2014 1 120.00 Punjabi Bks  
    Dewey Decimal Classification     Non-fiction Janak Puri Janak Puri 10/09/2015 BPPD/165/27-8-15/BL26/13-9-15/8-10-15 120.00   851 ਪਾਜ਼ਓ 10/09/2015 1 120.00 Punjabi Bks B-577953
    Dewey Decimal Classification     Non-fiction Patel Nagar Patel Nagar 10/09/2015 BPPD/165/27-8-15/BL26/13-9-15/8-10-15 120.00   851 ਓਕਤਾ 10/09/2015 1 120.00 Punjabi Bks B-577952
    Dewey Decimal Classification     Non-fiction Sarojini Nagar Sarojini Nagar 10/09/2015 BPPD/165/27-8-15/BL26/13-9-15/8-10-15 120.00   851 ਪਾਜ਼ਓ 10/09/2015 1 120.00 Punjabi Bks B-577954

© Delhi Public Library
Hit Counter
free hit counter